PERSONAL FITNESS FOR YOU (Record no. 59044)
[ view plain ]
| 000 -LEADER | |
|---|---|
| fixed length control field | 00339nam a22001457a 4500 |
| 008 - FIXED-LENGTH DATA ELEMENTS--GENERAL INFORMATION | |
| fixed length control field | 221130b ||||| |||| 00| 0 eng d |
| 020 ## - INTERNATIONAL STANDARD BOOK NUMBER | |
| International Standard Book Number | 9780887252921 |
| 041 ## - LANGUAGE CODE | |
| Language code of text/sound track or separate title | eng |
| 080 ## - UNIVERSAL DECIMAL CLASSIFICATION NUMBER | |
| Edition identifier | SECOND EDITION |
| Universal Decimal Classification number | 615.83 |
| 082 ## - DEWEY DECIMAL CLASSIFICATION NUMBER | |
| Classification number | 615.83STO |
| 100 ## - Rafti | |
| Rafti | 16.2 |
| 101 ## - Shkurtesa | |
| Shkurtesa | EGZ |
| 245 ## - TITLE STATEMENT | |
| Title | PERSONAL FITNESS FOR YOU |
| Statement of responsibility, etc | STOKES R |
| 942 ## - ADDED ENTRY ELEMENTS (KOHA) | |
| Source of classification or shelving scheme | |
| Item type | Books |
| Withdrawn status | Lost status | Source of classification or shelving scheme | Damaged status | Not for loan | Permanent location | Current location | Date acquired | Total Checkouts | Full call number | Barcode | Date last seen | Price effective from | Koha item type | Collection code |
|---|---|---|---|---|---|---|---|---|---|---|---|---|---|---|
| UBT - Lipjan | UBT - Lipjan | 12/07/2022 | 615.83STO | 002-8000287002601013 | 12/07/2022 | 12/07/2022 | Books | Koleksioni i përgjithshem | ||||||
| UBT - Lipjan | UBT - Lipjan | 12/07/2022 | 615.83STO | 002-8000287002601014 | 12/07/2022 | 12/07/2022 | Books | Koleksioni i përgjithshem | ||||||
| UBT - Lipjan | UBT - Lipjan | 12/07/2022 | 615.83STO | 002-8000287002601016 | 12/07/2022 | 12/07/2022 | Books | Koleksioni i përgjithshem | ||||||
| UBT - Prishtine | UBT - Prishtine | 11/30/2022 | 615.83STO | 002-800028700260880 | 11/30/2022 | 11/30/2022 | Books |